Statistics for Ben Stiller Movies by Picture

Click here to take the quiz!

General Stats

  • This quiz has been taken 212 times
  • The average score is 8 of 16

Answer Stats

Answer% Correct
Madagascar
95%
Night at the Museum
92%
Zoolander
87%
DodgeBall: A True Underdog Story
79%
Tropic Thunder
66%
Meet the Parents
64%
Happy Gillmore
56%
Starsky & Hutch
50%
Anchorman: The Legend of Ron Burgundy
43%
The Secret Life of Walter Mitty
40%
There's Something About Mary
37%
Along Came Polly
35%
Mystery Men
16%
Tower Heist
15%
Reality Bites
11%
Keeping the Faith
8%

Score Distribution

Percentile by Number Answered

Percent of People with Each Score

Your Score History

You have not taken this quiz